Countries that have never lost a foreign war - Statistics

General Stats
  • This quiz has been taken 1,007 times
    219 since last reset
  • The average score is 4 of 15
Answer Stats
Victories Country Wars % Correct
8 Brazil Platine War, Uruguayan War, Paraguayan War, Acre War, World War I, World War II, Dominican Civil War, Operation Traira
76%
4 Chile Liberating Expedition of Peru, War of the Confederation, Iquicha War, Chincha Islands War, War of the Pacific, World War II
56%
3 South Africa World War II, Operation Boleas, M23 rebellion
40%
2 Uruguay Paraguayan War, World War II
33%
7 Nigeria Congo Crisis, Chadian–Libyan War, Chadian–Nigerian War, Sierra Leone Civil War, Operation Serval, 2015 West African offensive, Invasion of the Gambia
21%
2 United Arab Emirates Gulf War, Libyan Civil War (2011)
20%
2 Oman Gulf War, Operation Ocean Shield
19%
2 Qatar Gulf War, Libyan Civil War (2011)
19%
5 Costa Rica Filibuster War, Barrios' War of Reunification, World War I, World War II, Dominican Civil War
17%
4 Malaysia Brunei revolt, Indonesia–Malaysia confrontation, Operation Astute, Operation Ocean Shield
15%
1 Jamaica Invasion of Grenada
11%
1 Mali Agacher Strip War
10%
3 Angola First Congo War, Congo-Brazzaville Civil War, Kivu Conflict
9%
4 Rwanda First Congo War, Six-Day War (2000), 2009 Eastern Congo offensive, Dongo Rebellion
8%
1 Mozambique Uganda–Tanzania War
7%
No matching quizzes found
Score Distribution
Percent of People with Each Score
Percentile by Number Answered
Your Score History
You have not taken this quiz since the last reset